000 00683nam a22002417a 4500
005 20180723155830.0
008 091021t xxu||||| |||| 00| 0 eng d
010 _aENG-95158
020 _a97800701671195
_c199.00
020 _a0070671192
_c199.00
035 _aEN-78691,B-148265
037 _bDBAD/PUB
040 _aDPL
082 _a621.9
100 _aBawa, H.S.
245 _aWorkshop practice /
_cby H.S. Bawa
250 _a2nd ed.
260 _aNew Delhi
_bTata McGraw -Hill Education
_c2009
270 _a7, West Patel Nagar
_bNew Delhi
_e110008
300 _axiii, 250 p.
_c24cm(Pbk)
500 _aIncludes index
942 _2ddc
_cEN
_mBAW
_h621.9
999 _c30982
_d30982